Suicide among the elderly, 1980 - 1984: a comprehensive bibliogr.
| 1. VerfasserIn: | |
|---|---|
| Medienart: | Druck Buch |
| Sprache: | Englisch |
| Veröffentlicht: |
Monticello, IL
Vance
1984
|
| In: |
Public administration series (1584)
Jahr: 1984 |
| Bestand in Tübingen: | In Tübingen vorhanden. UB: KB 7 E 800 |
| Verfügbarkeit prüfen: | HBZ Gateway |
| Subito Bestelldienst: | Jetzt bestellen. |
MARC
| LEADER | 00000cam a22000002c 4500 | ||
|---|---|---|---|
| 001 | 1651028400 | ||
| 003 | DE-627 | ||
| 005 | 20221105025001.0 | ||
| 007 | tu | ||
| 008 | 900726s1984 xx ||||| 00| ||eng c | ||
| 020 | |a 0890282145 |9 0-89028-214-5 | ||
| 035 | |a (DE-627)1651028400 | ||
| 035 | |a (DE-576)021130981 | ||
| 035 | |a (DE-599)BSZ021130981 | ||
| 035 | |a (OCoLC)251764785 | ||
| 035 | |a (OCoLC)311291645 | ||
| 040 | |a DE-627 |b ger |c DE-627 |e rakwb | ||
| 041 | |a eng | ||
| 100 | 1 | |a MacIntosh, John L. |0 (DE-627)1235668797 |0 (DE-576)165668792 |4 aut | |
| 109 | |a MacIntosh, John L. |a McIntosh, John L. | ||
| 245 | 1 | 0 | |a Suicide among the elderly, 1980 - 1984 |b a comprehensive bibliogr. |c John L. McIntosh |
| 264 | 1 | |a Monticello, IL |b Vance |c 1984 | |
| 300 | |a 10 S. | ||
| 336 | |a Text |b txt |2 rdacontent | ||
| 337 | |a ohne Hilfsmittel zu benutzen |b n |2 rdamedia | ||
| 338 | |a Band |b nc |2 rdacarrier | ||
| 490 | 1 | |a Public administration series |a Bibliography |v 1584 | |
| 583 | 1 | |a Archivierung prüfen |c 20200919 |f DE-640 |z 2 |2 pdager | |
| 830 | 0 | |a Public administration series |v 1584 |9 1584 |w (DE-627)130744360 |w (DE-576)007930119 |w (DE-600)987018-0 |x 0193-970X |7 am | |
| 889 | |w (DE-627)425105547 | ||
| 935 | |i mdedup | ||
| 951 | |a BO | ||
| ELC | |b 1 | ||
| LOK | |0 000 xxxxxcx a22 zn 4500 | ||
| LOK | |0 001 3341405801 | ||
| LOK | |0 003 DE-627 | ||
| LOK | |0 004 1651028400 | ||
| LOK | |0 005 19900726000000 | ||
| LOK | |0 008 900726||||||||||||||||ger||||||| | ||
| LOK | |0 040 |a DE-21 |c DE-627 |d DE-21 | ||
| LOK | |0 852 |a DE-21 | ||
| LOK | |0 852 1 |c KB 7 E 800 |9 00 | ||
| LOK | |0 935 |a krim | ||
| LOK | |0 936ln |a k1 | ||
| LOK | |0 939 |a 26-07-90 |b l01 | ||
| ORI | |a SA-MARC-krimdoka001.raw | ||
| SIG | |a UB: KB 7 E 800 | ||
